Government purchasing in Europe North America and Japan
Gespeichert in:
| Format: | Buch |
|---|---|
| Sprache: | Undetermined |
| Veröffentlicht: |
Paris
OECD
1966
|
| Schlagworte: | |
| Tags: |
Tag hinzufügen
Keine Tags, Fügen Sie den ersten Tag hinzu!
|
| Thư viện lưu trữ: | Trung tâm Học liệu Trường Đại học Cần Thơ |
|---|
| LEADER | 00418nam a2200145Ia 4500 | ||
|---|---|---|---|
| 001 | CTU_77807 | ||
| 008 | 210402s9999 xx 000 0 und d | ||
| 082 | |a 327.1 | ||
| 082 | |b G721 | ||
| 245 | 0 | |a Government purchasing in Europe North America and Japan | |
| 260 | |a Paris | ||
| 260 | |b OECD | ||
| 260 | |c 1966 | ||
| 650 | |a Government purchasing,Public contracts | ||
| 980 | |a Trung tâm Học liệu Trường Đại học Cần Thơ | ||